000 01052nas a2200337 4500
001 BR9202902
003 BR-BrBNA
005 20231205092556.0
007 ta
008 230509b bl.|||p| |||| 00| 00por d
040 _aBR-BrBNA
_bpor
_cBiblioteca Nacional de Agricultura
041 _a(Pt)
072 _aL73; L53
100 1 _aDaleck, C.R.
100 1 _aDaleck, C.L.M.
100 1 _aPadilha Filho, J.G.
100 1 _aFranceschini, P.H.
100 1 _aGarcia, J.M.
100 1 _aAlessi, A.C.
100 1 _aMoreira Neto, J.
100 1 _aMartins, M.I.M.
245 1 _aAnalise histologica de testiculo e semen de caes submetidos a administracao de sulfato de vincristina
246 1 _a[Histological analysis of dogs testis and semen, submitted a vincristine sulphate!
650 _aCAO
650 _aTESTICULO
650 _aSEMEN
650 _aTUMOR
773 0 _tCiencia Veterinaria. Jaboticabal (Brazil)
_xISSN 0103-006X
_g(1990), v. 4(2) p. 8-9
_wBR9202902
909 _a202311
_bLúcia
_c55
_dLúcia Elande
942 _2AGRIS
_n0
_cANA
999 _c132605
_d132605